Statistics for April 22nd: Birthdays

Click here to take the quiz!

General Stats

  • This quiz has been taken 5 times
  • The average score is 4 of 10

Answer Stats

YearClueAnswer% Correct
1904Known as Father of the Atomic BombRobert Oppenheimer
100%
1870Soviet LeaderVladimir Lenin
80%
1451Queen of CastileIsabella I of Castile
60%
1937Actor in The ShiningJack Nicholson
60%
1936Artist of Time I Get to PhoenixGlen Campbell
40%
1724German philosopherImmanuel Kant
40%
1923Known as Queen of PinupsBettie Page
20%
1979Part of band SilverchairDaniel Johns
0%
1904Actor in Roman HolidayEddie Albert
0%
1899Author of AdaVladimir Nabokov
0%

Score Distribution

Percentile by Number Answered

Percent of People with Each Score

Your Score History

You have not taken this quiz